Sexo y temperamento

Uloženo v:
Podrobná bibliografie
Hlavní autor: Mead, Margaret (autora)
Médium: Kniha
Jazyk:španělština
Vydáno: Buenos Aires Paidos 1961
Vydání:2a. ed
Edice:Biblioteca de Psicología Social y Sociología, 2a
Témata:
Tagy: Přidat tag
Žádné tagy, Buďte první, kdo vytvoří štítek k tomuto záznamu!

MARC

LEADER 00000nam a2200000 a 4500
001 UCX0545
003 CL-VaPUC
008 891107e19610000AG |||||||||||||||||spa|d
082 0 4 |a 301  |b MEA  |2 21 
100 |a Mead, Margaret  |e autora  |9 571242 
245 1 0 |a Sexo y temperamento 
250 |a 2a. ed 
300 |a 250 p 
942 |c BK 
945 |d 19891107 00:00:00 
260 |a Buenos Aires  |b Paidos  |c 1961 
650 0 |a Ciudades y pueblos  |9 265139 
650 7 |a ESTRUCTURA SOCIAL  |2 CL-VaPUC  |9 315960 
650 0 |a Sistemas sociales  |9 308361 
650 0 |a Vida social y costumbres  |9 258725 
651 7 |a NUEVA GUINEA  |2 CL-VaPUC  |9 261239 
651 7 |a SAMOA, ARCHIPIELAGO POLINESIA  |2 CL-VaPUC  |9 315961 
583 |a last modification  |c 19891107 00:00:00  |k Rodrigo Vera 
490 0 |a Biblioteca de Psicología Social y Sociología, 2a 
999 |c 222114  |d 222112 
952 |0 0  |1 0  |4 0  |6 301_000000000000000_MEA_1961  |7 0  |8 A  |9 216385  |a BIBGIM  |b BIBGIM  |d 2019-11-15  |i 2849992  |o 301 MEA 1961  |p 2849992  |r 2025-01-15  |w 2019-11-15  |y BK  |k SSL